00639nam a2200145Ia 4500008004100000050002100041100003300062245018100095260001600276300001000292500003000302650004600332952009800378999001700476120626s9999 xx 000 0 und d aT F1221 C82 1997 aCUELLAR, Vazquez Salvador V. aSistema de captación de agua pluvial para una casa habitaciontipo en la Cd. de Mexico como respuesta a la problematica ecologica del agua/ Salvador V. Cuellar Vazquez aMexico: UVM a83 p. aTESIS en ecología - UVM a1. Agua - Almacenamiento - MéxicoÌÌ 00104070a22b22d2007-01-08l0oT F1221 C82 1997p11 003285r2012-06-26t1w2012-06-26yLB c70229d70229